La comunicación política en los gobiernos latinoamericanos 2010-2014 : (Registro nro. 21951)
[ vista simple ]
| 000 -Cabecera | |
|---|---|
| Campo de control interno | 01045nam a2200277Ia 4500 |
| 005 - Fecha y hora del registro | |
| control field | 20260320113328.0 |
| 008 - Elementos de Longitud Fija | |
| fixed length control field | 260320s9999||||xx |||||||||||||| ||und|| |
| 020 ## - ISBN | |
| ISBN | 9786124353031 |
| 041 ## - Idioma | |
| Codigo Idioma | ESP |
| 082 ## - DEWEY y NOTACIÓN INTERNA | |
| Dewey | 320.014 |
| Notación Interna | U61 |
| 100 ## - AUTOR | |
| Autor denominación | |
| Término de relación | |
| 110 ## - AUTOR INSTTITUCIONAL | |
| Autor Institucional | Universidad Católica San Pablo |
| 245 #0 - TÍTULO DE MATERIAL BIBLIOGRÁFICO | |
| Título | La comunicación política en los gobiernos latinoamericanos 2010-2014 : |
| Título paralelo | los casos de Argentina, Colombia, México, Perú, Uruguay y Venezuela |
| 246 ## - TÍTULO TRADUCIDO | |
| Título | |
| Título paralelo | |
| Autor | |
| 250 ## - EDICIÓN | |
| Edición | Primera edición |
| 260 ## - CIUDAD, EDITORIAL, AÑO | |
| Ciudad | Arequipa : |
| Nombre de la Editorial | Universidad Católica San Pablo, |
| Año | 2016 |
| 300 ## - DESCRIPCIÓN | |
| N° Páginas | 156 páginas : |
| Otros detalles | ilustraciones, tablas ; |
| Dimensiones | 23 cm. |
| Material Adicional | |
| 440 ## - MENCIÓN DE SERIE | |
| Título de la Serie | |
| Número de Serie | |
| Volumen de Serie | |
| 650 ## - TEMAS | |
| Temas | Ciencias Sociales |
| 653 ## - DESCRIPTORES | |
| Lenguajes no controlado | Comunicación política - América Latina; Tácticas políticas - América Latina; Propaganda política - América Latina |
| 654 ## - PROGRAMAS | |
| Programa | |
| 700 ## - OTROS AUTORES | |
| Otros autores | Timaná Kure, Carlos, |
| Títulos y otras palabras asociadas con el nombre | editor |
| 856 ## - URL - UBICACIÓN | |
| URI/URL: Enlace exacto del recurso | <a href="https://0u20jme4p-y-https-www-jstor-org.itmsp.museknowledge.com/">https://0u20jme4p-y-https-www-jstor-org.itmsp.museknowledge.com/</a> |
| Nota pública: Versión digital | <a href="Véase además: Base de datos JSTOR">Véase además: Base de datos JSTOR</a> |
| 942 ## - ELEMENTOS DE KOHA | |
| Tipo de documento | Libro |
| Nombre del creador | Justo Noguera |
| Código de catalogador | Margarita Torres |
| Esquema de clasificación | Dewey Decimal Classification |
| Suppress in OPAC | |
| Codigo completo | Registro | Colección | Copia número | Disponibilidad | Tipo de préstamo | Biblioteca Actual | Procedencia (Biblioteca) | Ubicacón | Fecha Ingreso | Tipo de Adquisición | Observación | Date last seen | Total checkouts | Price effective from | Tipo de Item | Estado del Material | Fuente de Clasificación | Damaged status | Withdrawn status |
|---|---|---|---|---|---|---|---|---|---|---|---|---|---|---|---|---|---|---|---|
| 320.014 U61 | 1086515 | Universidad Católica San Pablo | 1 | Disponible | Disponible | Víctor Andrés Belaunde | Víctor Andrés Belaunde | Planta baja abierta | 10/03/2026 | Donación | Centro de Gobierno UCSP | 20/03/2026 | 20/03/2026 | Libro | Bueno | Dewey Decimal Classification |




